LEADER 01421nam--2200421---450- 001 990001019300203316 005 20100701083953.0 010 $a88-324-9596-1 035 $a0101930 035 $aUSA010101930 035 $a(ALEPH)000101930USA01 035 $a0101930 100 $a20020306d1989----km-y0itay0103----ba 101 $aita 102 $aIT 105 $a||||||||001yy 200 1 $amanuale delle società a responsabilità limitata$edisciplina civilistica, trattamento fiscale, dichiarazione dei redditi$fCalogero Vinci, Gagliardi mario 205 $a2.ed.$baggiornata con la legge 27 aprile 1989, n. 154 210 $aMilano$cPirola$d1989 215 $a821 p.$d24 cm 225 2 $aPirola azienda$v2 410 $12001$aPirola azienda$v2 461 1$1001-------$12001 606 0 $aSocietà a responsabilità limitata 676 $a346.450668 700 1$aVINCI,$bCalogero$0107166 701 1$aGAGLIARDI,$bMario$0107167 801 0$aIT$bsalbc$gISBD 912 $a990001019300203316 951 $aXXX.B. Coll. 123/ 16 (COLL HNU 48)$b72443 EC$cXXX.B. Coll. 123/ 16 (COLL HNU)$d00272676 959 $aBK 969 $aECO 979 $aPATTY$b90$c20020306$lUSA01$h1659 979 $c20020403$lUSA01$h1743 979 $aPATRY$b90$c20040406$lUSA01$h1710 979 $aRSIAV4$b90$c20100701$lUSA01$h0839 996 $aManuale delle società a responsabilità limitata$963175 997 $aUNISA LEADER 05413oam 2200709I 450 001 9910462180503321 005 20200520144314.0 010 $a1-283-60624-0 010 $a9786613918697 010 $a1-136-00138-7 010 $a0-12-385197-1 024 7 $a10.4324/9780123851970 035 $a(CKB)2670000000242208 035 $a(EBL)1024497 035 $a(OCoLC)811505686 035 $a(SSID)ssj0000711869 035 $a(PQKBManifestationID)11433523 035 $a(PQKBTitleCode)TC0000711869 035 $a(PQKBWorkID)10722071 035 $a(PQKB)11189971 035 $a(OCoLC)810924665 035 $a(MiAaPQ)EBC1024497 035 $a(Au-PeEL)EBL1024497 035 $a(CaPaEBR)ebr10603411 035 $a(CaONFJC)MIL391869 035 $a(OCoLC)900233878 035 $a(EXLCZ)992670000000242208 100 $a20180706d2012 uy 0 101 0 $aeng 135 $aur|n|---||||| 181 $ctxt 182 $cc 183 $acr 200 00$aSustainable hospitality and tourism as motors for development $ecase studies from developing regions of the world /$fedited by Philip Sloan, Claudia Simons-Kaufman and Willy Legrand 210 1$aNew York :$cRoutledge,$d2012. 215 $a1 online resource (497 p.) 300 $aDescription based upon print version of record. 311 $a1-138-08150-7 311 $a0-12-385196-3 320 $aIncludes bibliographical references and index. 327 $aCover; Title; Copyright; Contents; List of figures and tables; Contributors; Foreword; Editors' preface; Editors' biography; An overview of the book; How to use this book; 1 Introduction: scarcity of natural resources or 'Cockaigne'?; Part 1: What do we mean by development?; Part 2: Sustainability in tourism and hospitality; 2 The case of Inkaterra: pioneering ecotourism in Peru; 3 Integrated circuits as a tool for the development of sustainable tourism in the Amazon; 4 Bringing sustainability to the Brazilian hotel industry 327 $a5 Preferences regarding restoration and development at Copan Archeological Park, Honduras: linkages between setting, visitor experiences and sustainability6 Mamiraua?: community based ecotourism in a sustainable development reserve in the Amazon Basin; 7 Ecuador: Huaorani Ecolodge; 8 Tourism in the Peruvian Amazon: experiences of a private-communal partnership; 9 Key issues and challenges to the development of community-based ecotourism in Guatemala; 10 Tourism cluster among livestock: the case of Bonito (MS), Brazil; 11 Diversified nature tourism on St. Vincent 327 $a12 Can ecotourism support coral reef conservation? Experiences of Chumbe Island Coral Park Ltd in Zanzibar/Tanzania13 Blossoms & Butterflies, Waterfalls & Dragonflies: integrating insects in the hospitality and tourism industries through Swarm supposition; 14 Sustainable tourism development in the Masai Mara National Reserve Kenya: stakeholder perspectives; 15 Ecotourism in vulnerable regions: opportunities and obstacles to development - the case of Cantanhez, Guine?-Bissau; 16 Minimission-Tourism in Ethiopia: a new subspecies of sustainable volunteer tourism?; 17 Botswana: The Selinda Reserve 327 $a18 Sustainable development of a remote tourist destination: the case of Soomaa National Park, Estonia19 Challenges in rural ethnic tourism development: a case study from Yunnan, China; 20 Hotel Management education in Bhutan: teaching sustainable principles; 21 Investigating potential benefits of proposed eco-retrofits to an existing tourist lodge in The Sundarbans, India; 22 Urban green parks: sustainable tourism, biodiversity and quality of life: a case study; 23 Philippine sustainable tourism initiatives: issues and challenges 327 $a24 Turtle night watch nature tourism: sharing benefits to sustain local community and Sea Turtles in Rekawa sanctuary, Sri Lanka25 Six Senses Hideaway, Ninh Van Bay, Vietnam: where luxury meets sustainable tourism; 26 Tourist destinations with planned interventions: the success of Kumily in Kerala, India; 27 The development and promotion of guidelines for organic farms for sustainable tourism; Glossary; Index 330 $aIt is now widely agreed that the climate is changing, global resources are diminishing and biodiversity is suffering. Developing countries - many of them considered by the World Tourism Organization to be 'Top Emerging Tourism Destinations' (UNWTO, 2009) - are already suffering the full frontal effect of environmental degradation. The challenge for developing countries is a triple-edged sword, how can economic prosperity be achieved without the perpetual depletion of nature's reserves, the destruction of rural habitat and the dislocation of traditional societies? Many emerging nations are l 606 $aSustainable tourism$zDeveloping countries$vCase studies 606 $aHospitality industry$zDeveloping countries$vCase studies 608 $aElectronic books. 615 0$aSustainable tourism 615 0$aHospitality industry 676 $a338.4/791091724 701 $aLegrand$b Willy$0987072 701 $aSimons-Kaufman$b Claudia$0987073 701 $aSloan$b Philip$0987074 801 0$bMiAaPQ 801 1$bMiAaPQ 801 2$bMiAaPQ 906 $aBOOK 912 $a9910462180503321 996 $aSustainable hospitality and tourism as motors for development$92255620 997 $aUNINA LEADER 01093aam a2200265 a 4500 001 991002862979707536 008 071210s2007 it b 000 0 fre d 020 $a9782728803682 035 $ab14244925-39ule_inst 040 $aibl. Interfacoltà T. Pellegrino$bita 041 1 $afre$hger 100 1 $aSchelling, Friedrich Wilhelm Joseph$0151913 240 10$aVon der Weltseele$948586 245 10$aDe l'âme du monde, une hypothèse de la physique supérieure pour l'explication de l'organisme général /$cFriedrich von Schelling ; traduction, annotation et postface de Stéphane Schmitt 260 $aParis :$bÉditions Rue D'Ulm,$c2007 300 $a321 p. ;$c19 cm. 440 0$aVersions françaises 504 $aBibliografia: p. 305-317 700 1 $aSchmitt, Stéphane 907 $a.b14244925$b01-12-15$c01-12-15 912 $a991002862979707536 945 $aLE002 193 SCH C 03 SCH$g1$i2002000894687$lle002$o-$pE0.00$q-$rl$s- $t0$u0$v0$w0$x0$y.i15704567$z01-12-15 996 $aVon der Weltseele$948586 997 $aUNISALENTO 998 $ale002$b01-12-15$cm$da $e $ffre$git $h0$i0